000 01390cam a2200325 a 4500
001 15370969
005 20081204120721.0
008 080717s2009 inua 001 0 eng
010 _a 2008031826
020 _a9780672329968 (pbk.)
020 _a0672329964 (pbk.)
035 _a(OCoLC)ocn229033659
035 _a(OCoLC)229033659
040 _aDLC
_cDLC
_dBTCTA
_dBAKER
_dC#P
_dDLC
050 0 0 _aTK5105.585
_b.C37 2009
082 0 0 _a005.71376
_222
_bCAS
100 1 _aCasad, Joe,
_d1958-
_93635
245 1 0 _aSams teach yourself TCP/IP in 24 hours /
_cJoe Casad.
246 3 0 _aTeach yourself TCP/IP in 24 hours
246 3 0 _aTCP/IP in 24 hours
250 _a4th ed.
260 _aIndianapolis, Ind. :
_bSams,
_cc2009.
300 _axii, 436 p. :
_bill. ;
_c23 cm.
500 _aIncludes index.
650 0 _aTCP/IP (Computer network protocol)
_93636
942 _2ddc
_cBB
999 _c11293
_d11293